000 01002cam a2200265 i 4500
003 SA-RiAUC
005 20250418142134.0
008 250416s1970 ua g 000 0 ara c
040 _aJO-AmJU
_bara
_cSA-RiAUC
_erda
082 0 4 _a257.1
090 _a257.1
_b ح ل م
100 1 _aحلمي، محمود
_eمؤلف.
245 1 0 _aنظام الحكم الإسلامي مقارنا بالنظام المعاصرة /
_cمحمود حلمي.
264 1 _aالقاهرة :
_bدار الفكر العربي،
_c1970
300 _a399 صفحة؛
_c24 سم.
336 _aنص
_btxt
_2rdacontent
_3كتاب
337 _aبدون وسيط
_bn
_2rdamedia
338 _aمجلد
_bnc
_2rdacarrier
650 7 _aنظم الحكم في الإسلام
_2aucsh
650 7 _aالنظام السياسي في الإسلام
_2aucsh
650 7 _aالإسلام والدولة
_2aucsh
650 7 _aالإسلام والسياسة
_2aucsh
942 _2ddc
_cBOOK
_n0
949 _aSA-JeALM
_d250416
_umohamedma123
_n1
999 _c7175
_d7175